[Event "IECG CP.2002.P.00052 email"]
[Site "IECG email"]
[Date "2002.10.01"]
[Round "?"]
[White "Budra, Zilvinas"]
[Black "Topot, Iwan"]
[Result "1-0"]
[WhiteElo "2239"]
[BlackElo "1188"]
[PlyCount "97"]
[EventDate "2002.10.01"]
[EventType "tourn (corr)"]
[EventRounds "6"]
[EventCountry "USA"]
[SourceTitle "Corr 2008"]
[Source "ChessBase"]
[SourceDate "2008.06.24"]
[SourceVersion "1"]
[SourceVersionDate "2008.06.24"]
[SourceQuality "1"]

1. d4 d5 2. Nf3 e6 3. c4 Nf6 4. Bg5 Bb4+ 5. Nc3 dxc4 6. e4 c5 7. Bxc4 cxd4 8. Nxd4 Nbd7 9. 0-0 Bxc3 10. bxc3 Qa5 11. Bh4 0-0 12. Re1 Ne5 13. Bxf6 gxf6 14. Qb3 Bd7 15. Bf1 Rac8 16. Re3 Rc7 17. f4 Ng6 18. f5 exf5 19. exf5 Bxf5 20. Qb5 Qxb5 21. Nxb5 Rc5 22. Nxa7 Ne5 23. Nb5 Rd8 24. Nd4 Be6 25. a4 Bc4 26. Rb1 Rd7 27. Rb4 Bxf1 28. Kxf1 Nc4 29. Re8+ Kg7 30. Ke2 h5 31. Nb3 Rc6 32. Re4 Ne5 33. c4 Kg6 34. c5 Re6 35. Nd4 Ree7 36. Re3 f5 37. Nf3 Nc6 38. Rb6 f6 39. Rxe7 Rxe7+ 40. Kd3 f4 41. Rb2 Kf5 42. Nd4+ Nxd4 43. Kxd4 h4 44. h3 Re4+ 45. Kd5 Rxa4 46. Rxb7 Ra2 47. Rg7 f3 48. gxf3 Rd2+ 49. Kc4 1-0

[Event "IECG WC.2005.P.00012 email"]
[Site "IECG email"]
[Date "2002.01.29"]
[Round "?"]
[White "Budra, Zilvinas"]
[Black "Bijzitter, Albert"]
[Result "1-0"]
[WhiteElo "2177"]
[BlackElo "1827"]
[PlyCount "51"]
[EventDate "2002.01.29"]
[EventType "tourn (corr)"]
[EventRounds "12"]
[SourceTitle "Corr 2008"]
[Source "ChessBase"]
[SourceDate "2008.06.24"]
[SourceVersion "1"]
[SourceVersionDate "2008.06.24"]
[SourceQuality "1"]

1. e4 e5 2. Nf3 Nc6 3. Bb5 d6 4. d4 exd4 5. Qxd4 Nge7 6. Bg5 a6 7. Bxc6+ Nxc6 8. Qd2 Be7 9. Nc3 Bxg5 10. Nxg5 0-0 11. 0-0-0 h6 12. Nf3 Be6 13. Qf4 Re8 14. g4 Ne7 15. g5 h5 16. Nd4 Bc4 17. Qh4 b5 18. Qxh5 b4 19. Nce2 d5 20. Ng3 c5 21. Ndf5 Qa5 22. Nh6+ gxh6 23. Qxh6 Qxa2 24. Nh5 Qa1+ 25. Kd2 Qxb2 26. Nf6+ 1-0

[Event "IECG WC.2005.P.00012 email"]
[Site "IECG email"]
[Date "2002.01.29"]
[Round "?"]
[White "Navarro Torres, Pedro Manuel"]
[Black "Budra, Zilvinas"]
[Result "1/2-1/2"]
[WhiteElo "2118"]
[BlackElo "2177"]
[PlyCount "51"]
[EventDate "2002.01.29"]
[EventType "tourn (corr)"]
[EventRounds "12"]
[SourceTitle "Corr 2008"]
[Source "ChessBase"]
[SourceDate "2008.06.24"]
[SourceVersion "1"]
[SourceVersionDate "2008.06.24"]
[SourceQuality "1"]

1. e4 c5 2. Nc3 Nc6 3. f4 e6 4. Nf3 d5 5. Bb5 Nf6 6. d3 Be7 7. 0-0 0-0 8. Bxc6 bxc6 9. Ne5 Qc7 10. Qe1 Ne8 11. Qg3 f6 12. Nf3 Nd6 13. Bd2 c4 14. b3 Qb6+ 15. Kh1 cxd3 16. cxd3 Qa6 17. Ng1 Rd8 18. Nh3 c5 19. Nf2 d4 20. Ncd1 f5 21. Nb2 fxe4 22. Nxe4 Nxe4 23. dxe4 Qe2 24. Qe1 Qh5 25. Qd1 Qxd1 26. Rfxd1 1/2-1/2

[Event "IECG R1.2001.0.00006"]
[Site "IECG email"]
[Date "2001.03.15"]
[Round "?"]
[White "Budra, Zilvinas"]
[Black "Pruefer, Stefan"]
[Result "0-1"]
[WhiteElo "2000"]
[BlackElo "2100"]
[PlyCount "98"]
[EventDate "2001.03.15"]
[EventType "tourn (corr)"]
[EventRounds "6"]
[SourceTitle "Corr 2008"]
[Source "ChessBase"]
[SourceDate "2008.06.24"]
[SourceVersion "1"]
[SourceVersionDate "2008.06.24"]
[SourceQuality "1"]

1. d4 d5 2. c4 c6 3. Nf3 Nf6 4. Qc2 e6 5. Bg5 h6 6. Bxf6 Qxf6 7. Nc3 Nd7 8. e4 dxe4 9. Qxe4 g6 10. Qe3 Bg7 11. Ne4 Qe7 12. c5 0-0 13. Bc4 b6 14. Rd1 a5 15. 0-0 Ba6 16. Bxa6 Rxa6 17. Rd2 Raa8 18. Rc1 b5 19. Nd6 Nf6 20. Ne5 Nd5 21. Qg3 Qc7 22. a4 bxa4 23. Ra1 Rab8 24. Rxa4 Rb4 25. Rxb4 axb4 26. f4 Qa5 27. Nxc6 Qa1+ 28. Kf2 Ra8 29. Qf3 Ra2 30. Nc4 Qc1 31. Qe2 Ra1 32. Kg3 Qh1 33. N6e5 h5 34. Qf3 h4+ 35. Kh3 Bh6 36. Nd3 Rf1 37. Rf2 Rxf2 38. Nxf2 Qg1 39. Nd3 Qxd4 40. Nce5 Nxf4+ 41. Nxf4 Bxf4 42. Nc6 Qxc5 43. Qxf4 Qxc6 44. Qxb4 g5 45. Qe7 Qd5 46. Kg4 Qxg2+ 47. Kh5 Qxb2 48. Qxg5+ Qg7 49. Qd8+ Qf8 0-1

[Event "IECG C1.2001.0.00346"]
[Site "IECG email"]
[Date "2001.03.15"]
[Round "?"]
[White "Migliorini, Roberto"]
[Black "Budra, Zilvinas"]
[Result "0-1"]
[WhiteElo "2000"]
[BlackElo "2000"]
[PlyCount "104"]
[EventDate "2001.03.15"]
[EventType "tourn (corr)"]
[EventRounds "6"]
[SourceTitle "Corr 2008"]
[Source "ChessBase"]
[SourceDate "2008.06.24"]
[SourceVersion "1"]
[SourceVersionDate "2008.06.24"]
[SourceQuality "1"]

1. d4 d5 2. c4 c6 3. Nf3 Nf6 4. Nc3 e6 5. e3 Nbd7 6. Bd3 dxc4 7. Bxc4 b5 8. Bd3 a6 9. e4 c5 10. d5 c4 11. Bc2 Qc7 12. dxe6 fxe6 13. 0-0 Bb7 14. Nd4 Nc5 15. Qe2 Bd6 16. f4 e5 17. Ndxb5 axb5 18. Nxb5 Qb6 19. Nxd6+ Qxd6 20. fxe5 Qxe5 21. Rf5 Qe7 22. Qxc4 Rc8 23. Qb5+ Ncd7 24. Qxb7 Rxc2 25. Bg5 Rf8 26. Re1 Qe6 27. Bh4 Qb6+ 28. Qxb6 Nxb6 29. Rb5 Nfd7 30. e5 Rc5 31. Rb4 Nd5 32. Rb7 Rc7 33. Rxc7 Nxc7 34. e6 Nb6 35. Bf2 Nbd5 36. Bd4 g5 37. a3 Rf4 38. Be5 Rc4 39. b3 Rc6 40. Bxc7 Nxc7 41. a4 Ke7 42. a5 Rc2 43. h4 Rb2 44. Re3 h6 45. hxg5 hxg5 46. Re5 Nxe6 47. Rb5 Kf6 48. Rb6 Kf5 49. a6 Ra2 50. b4 Nd4 51. Kh2 Kf4 52. Rf6+ Kg4 0-1

[Event "IECG R1.2001.0.00006"]
[Site "IECG email"]
[Date "2001.03.15"]
[Round "?"]
[White "Wurschner, Miroslav"]
[Black "Budra, Zilvinas"]
[Result "1/2-1/2"]
[WhiteElo "2093"]
[BlackElo "2000"]
[PlyCount "84"]
[EventDate "2001.03.15"]
[EventType "tourn (corr)"]
[EventRounds "6"]
[SourceTitle "Corr 2008"]
[Source "ChessBase"]
[SourceDate "2008.06.24"]
[SourceVersion "1"]
[SourceVersionDate "2008.06.24"]
[SourceQuality "1"]

1. e4 c5 2. Nf3 d6 3. d4 cxd4 4. Nxd4 Nf6 5. Nc3 a6 6. Bg5 e6 7. f4 Qb6 8. Qd2 Qxb2 9. Rb1 Qa3 10. f5 b5 11. fxe6 fxe6 12. Be2 Be7 13. Bf3 0-0 14. 0-0 e5 15. Nf5 Bxf5 16. exf5 Ra7 17. Rb3 Qa5 18. Bxf6 Qb6+ 19. Kh1 Bxf6 20. Bd5+ Kh8 21. Ne4 Nc6 22. Rh3 Ne7 23. Be6 Ng8 24. g4 Qd4 25. Qg2 d5 26. Nxf6 gxf6 27. Rd3 Qb6 28. Qxd5 Ne7 29. Qe4 Qc6 30. Qxc6 Nxc6 31. Rfd1 Nd4 32. c3 Nxe6 33. fxe6 Re7 34. Rd6 Rfe8 35. Rxa6 Rxe6 36. Rxe6 Rxe6 37. Rb1 Rc6 38. Rxb5 Rxc3 39. g5 Kg7 40. Rb7+ Kg6 41. gxf6 Kxf6 42. Rxh7 Ra3 1/2-1/2